Statistics for EXO SONGS

Click here to take the quiz!

General Stats

  • This quiz has been taken 223 times
  • The average score is 12 of 20

Answer Stats

Song Album % Correct
Cloud 9EX'ACT
89%
HistoryMAMA
74%
Black PearlXOXO
74%
El DoradoExodus
73%
Two MoonsMAMA
69%
TransformerExodus
67%
Let Out The BeastXOXO
65%
Love Love LoveOverdose
65%
They Never KnowEX'ACT
61%
AngelMAMA
61%
Christmas DayMiracles In December
60%
UnfairSing For You
59%
StrongerEX'ACT
59%
EXO 2014Love Me Right
57%
MoonlightOverdose
57%
My Turn To CryMiracles In December
55%
What IfExodus
55%
Tender LoveLove Me Right
53%
LightsaberSing For You
48%
LuckyGrowl
46%

Score Distribution

Percentile by Number Answered

Percent of People with Each Score

Your Score History

You have not taken this quiz